000 00812cam a2200253 4500
008 090401t1992 xxu||||| |||| 00| 0 eng d
020 _a1851669434
035 _a(Sirsi) u48037
041 _aeng
050 _a333.73
110 _aInternational Conference on Contaminated Land Treatment Technologies
_9590
245 _aContaminated land treatment technologies.
260 _aLondon
_bElsevier
_c1992
300 _ax,309p. : ill. ; 24cm.
350 _a80
520 _aPapers presented at the conference, which was organised by the Water and Environment Group of the SCI and held at RIBA, 1-2 July 1992.
650 _aCLEAN COVER TECHNOLOGIES
650 _aCONTAMINATED LAND
650 _aRECLAMATION
690 _aLAND
700 _aRees, John F.
_xEditor
942 _n0
948 _c04/03/1997
999 _c92269
_d92269